Neurociencias y educación / (Registro nro. 64765)
[ vista simple ]
| 000 -LEADER | |
|---|---|
| fixed length control field | 01220cam a2200361 i 4500 |
| 001 - CONTROL NUMBER | |
| control field | 64765 |
| 003 - CONTROL NUMBER IDENTIFIER | |
| control field | Mx-PuUPA |
| 005 - DATE AND TIME OF LATEST TRANSACTION | |
| control field | 20221122080228.0 |
| 008 - FIXED-LENGTH DATA ELEMENTS--GENERAL INFORMATION | |
| fixed length control field | 160316s2019 ag a gr 000 0 spa d |
| 020 ## - INTERNATIONAL STANDARD BOOK NUMBER | |
| International Standard Book Number | 9789501298031 |
| 040 ## - CATALOGING SOURCE | |
| Original cataloging agency | Mx-PuUPA |
| Transcribing agency | Mx-PuUPA |
| Language of cataloging | spa |
| Modifying agency | Mx-PuUPA |
| Description conventions | rda |
| 041 0# - LANGUAGE CODE | |
| Language code of text/sound track or separate title | spa |
| 245 10 - TITLE STATEMENT | |
| Title | Neurociencias y educación / |
| Statement of responsibility, etc. | Aldo Ferreres, Valeria Abusamra ; con la colaboración de Analía Arévalo y Nancy China |
| 250 ## - EDITION STATEMENT | |
| Edition statement | Primera edición / |
| Remainder of edition statement | actualizada, abril |
| 264 #1 - PRODUCTION, PUBLICATION, DISTRIBUTION, MANUFACTURE, AND COPYRIGHT NOTICE | |
| Place of production, publication, distribution, manufacture | Bunos Aires : |
| Name of producer, publisher, distributor, manufacturer | Editorial Paidós SAICF, |
| Date of production, publication, distribution, manufacture, or copyright notice | ©2019 |
| 300 ## - PHYSICAL DESCRIPTION | |
| Extent | 228 páginas : |
| Other physical details | ilustraciones, |
| Dimensions | 22 cm |
| 336 ## - CONTENT TYPE | |
| Content type term | texto |
| Content type code | txt |
| Fuente | rdacontent |
| 337 ## - MEDIA TYPE | |
| Source | rdamedia |
| Media type term | sin medio |
| Media type code | n |
| 338 ## - CARRIER TYPE | |
| Source | rdacarrier |
| Carrier type term | volumen |
| Carrier type code | nc |
| 490 0# - SERIES STATEMENT | |
| Series statement | Paidós Educación |
| 650 #7 - SUBJECT ADDED ENTRY--TOPICAL TERM | |
| Source of heading or term | armarc |
| Topical term or geographic name entry element | Aprendizaje |
| 650 #7 - SUBJECT ADDED ENTRY--TOPICAL TERM | |
| Source of heading or term | armarc |
| Topical term or geographic name entry element | Cerebro |
| 650 #7 - SUBJECT ADDED ENTRY--TOPICAL TERM | |
| Source of heading or term | armarc |
| Topical term or geographic name entry element | Educación |
| 650 #7 - SUBJECT ADDED ENTRY--TOPICAL TERM | |
| Source of heading or term | armarc |
| Topical term or geographic name entry element | Emociones |
| 650 #7 - SUBJECT ADDED ENTRY--TOPICAL TERM | |
| Source of heading or term | armarc |
| Topical term or geographic name entry element | Neurociencia |
| 700 1# - ADDED ENTRY--PERSONAL NAME | |
| 9 (RLIN) | 13522 |
| Personal name | Ferreres, Aldo Rodolfo, |
| Relator term | autor |
| 700 1# - ADDED ENTRY--PERSONAL NAME | |
| Personal name | Abusamra, Valeria, |
| Relator term | autor |
| 700 1# - ADDED ENTRY--PERSONAL NAME | |
| Personal name | Arévalo, Analía, |
| Relator term | colaborador |
| 700 1# - ADDED ENTRY--PERSONAL NAME | |
| Personal name | China, Nancy, |
| Relator term | colaborador |
| 942 ## - ADDED ENTRY ELEMENTS (KOHA) | |
| Koha item type | Libro |
| Source of classification or shelving scheme | Dewey Decimal Classification |
| Classification part | 370.7 |
| Item part | N477 |
| Withdrawn status | Lost status | Source of classification or shelving scheme | Damaged status | Not for loan | Collection code | Home library | Current library | Shelving location | Date acquired | Total Checkouts | Full call number | Barcode | Date last seen | Price effective from | Koha item type |
|---|---|---|---|---|---|---|---|---|---|---|---|---|---|---|---|
| Dewey Decimal Classification | General | Tehuacán | Tehuacán | Sala general | 21/11/2022 | 370.7 N477 2019 | 968000001134 | 08/01/2025 | 21/11/2022 | Libro |